LEADER 00820nam a2200205 i 4500 001 000000025958 003 CaOOAMICUS 005 20200713172701.0 008 180830s1831 it u000 u ita u 040 $aSeMil$bita 100 1 $aPellico, Silvio,$d<1789-1854>.$0(OLS)http://semarc/name/11420 245 10$aOpere di Silvio Pellico da Saluzzo. 260 $aPadova :$bCoi tipi della Minerva,$c1831. 300 $a2 v. ;$c23 cm. 650 4$aPellico, Silvio <1789-1854> - Opere.$0(OLS)http://semarc/subject/4159 774 0 $aPellico, Silvio <1789-1854>$tVol. 1.$w()209122 774 0 $aPellico, Silvio <1789-1854>$tVol. 2.$w()209123 996 $6245$aOpere di Silvio Pellico da Saluzzo$9(OLS)http://semarc/title/35000 996 $6260$aPadova :$bCoi tipi della Minerva$9(OLS)http://semarc/publisher/31348 LEADER 00854nam a2200229 i 4500 001 000000235710 003 CaOOAMICUS 005 20250610102521.0 008 141113s1759 xx u000 u lat u 013 $a214614 026 $as.7. r.t, atde seal (3) 1759 (R) 040 $aSeMil$bita 245 10$a5. 300 $a[2], 358, [2] p. 500 $aSegn.: pg2(-pg2) A-4X2 773 0 $aFagnani, Prospero <1587-1678>$tRepertorium, seu index generalis rerum ac verborum, in commentarios Prosperi Fagnani super quinque libros Decretalium ..$dColoniae Allobrogum : Sumptibus Fratrum De Tournes, 1759.$g5$w()27405 850 $aSeMil 852 $aSeMil$W1$xVenegono$y1$m2G VIII 14 FA$j186056$B186056$CSeMilBibl$Z2$F196930 $8I 941 1 $a10 961 $aRecupero: Mantegazza 996 $6245$a5$9(OLS)http://semarc/title/57540